B11_じゃらん選出「一度は行きたい!日本全国『定番観光スポット』47選」 - Statistics

General Stats
  • This quiz has been taken 43 times
  • The average score is 16 of 47
Answer Stats
都道府県 観光スポット % Correct
栃木県 日光東照宮
70%
群馬県 草津温泉
63%
東京都 東京スカイツリー
60%
石川県 兼六園
60%
奈良県 奈良公園
58%
富山県 立山黒部アルペンルート
55%
滋賀県 琵琶湖
55%
兵庫県 姫路城
55%
宮城県 松島湾
53%
長野県 国宝 松本城
53%
愛媛県 道後温泉
53%
鹿児島県 桜島
53%
神奈川県 みなとみらい21
53%
北海道 函館山
48%
長崎県 ハウステンボス
48%
大分県 別府温泉
48%
沖縄県 沖縄美ら海水族館
43%
福井県 東尋坊
40%
青森県 弘前城
38%
岐阜県 下呂温泉
38%
大阪府 道頓堀
38%
徳島県 (鳴門の)渦潮
38%
山梨県 富士急ハイランド
35%
岡山県 倉敷美観地区
33%
福岡県 太宰府天満宮
33%
山形県 蔵王温泉
28%
茨城県 国営ひたち海浜公園
28%
和歌山県 アドベンチャーワールド
28%
千葉県 東京ドイツ村
25%
宮崎県 高千穂峡
25%
三重県 なばなの里
23%
香川県 金刀比羅宮
23%
高知県 桂浜
20%
岩手県 小岩井農場
18%
秋田県 角館武家屋敷通り
15%
新潟県 彌彦神社
15%
愛知県 名古屋港水族館
15%
鳥取県 水木しげるロード
15%
広島県 尾道
15%
佐賀県 嬉野温泉
15%
埼玉県 東武動物公園
13%
福島県 大内宿
10%
京都府 ニデック京都タワー
10%
山口県 角島
8%
島根県 足立美術館
5%
静岡県 富士サファリパーク
3%
熊本県 グリーンランド
3%
No matching quizzes found
Score Distribution
Percent of People with Each Score
Percentile by Number Answered
Your Score History
You have not taken this quiz